|
|
|
|
| LEADER |
00000nam0a2200000 4500 |
| 001 |
107138 |
| 005 |
20231101214719.0 |
| 010 |
|
|
|a 5020336386
|
| 035 |
|
|
|a (RuTPU)RU\TPU\book\115679
|
| 090 |
|
|
|a 107138
|
| 100 |
|
|
|a 20061219d2006 k y0rusy50 ca
|
| 101 |
0 |
|
|a rus
|
| 102 |
|
|
|a RU
|
| 105 |
|
|
|a y z 000zy
|
| 200 |
1 |
|
|a Россия и страны Центральной Азии: взаимодействие на рубеже тысячелетий
|f Российская академия наук; Институт экономики, Отделение международных экономических и политических исследований; под ред. Л. З. Зевина
|
| 210 |
|
|
|a Москва
|c Наука
|d 2006
|
| 215 |
|
|
|a 224 с.
|
| 330 |
|
|
|a В коллективной монографии рассматриваются состояние и перспективы экономического взаимодействия России с центральноазиатскими странами. Глобализация, распад Советского Союза, возникновение на постсоветском пространстве новых независимых государств, трансформация их хозяйственных систем - все это радикально изменило природу и характер отношений России со странами Центрально-Азиатского региона. В книге исследуются проблемы их двустороннего сотрудничества, анализируются отношения субъектов РФ с административными образованиями стран ЦА, деятельность субрегиональных и международных группировок. Особое внимание уделяется сотрудничеству в сфере энергетики. Для экономистов, социологов, политологов.
|
| 606 |
1 |
|
|a Внешняя политика России в отношении стран Азии
|2 stltpush
|3 (RuTPU)RU\TPU\subj\70347
|9 84660
|
| 610 |
1 |
|
|a политика
|
| 610 |
1 |
|
|a внешняя политика
|
| 610 |
1 |
|
|a международные отношения
|
| 610 |
1 |
|
|a Россия
|
| 610 |
1 |
|
|a Центральная Азия
|
| 610 |
1 |
|
|a 20 век
|
| 610 |
1 |
|
|a 21 век
|
| 610 |
1 |
|
|a международные экономические отношения
|
| 610 |
1 |
|
|a Казахстан
|
| 610 |
1 |
|
|a Киргизия
|
| 610 |
1 |
|
|a Таджикистан
|
| 610 |
1 |
|
|a Туркменистан
|
| 610 |
1 |
|
|a научно-техническая политика
|
| 610 |
1 |
|
|a научно-техническое сотрудничество
|
| 610 |
1 |
|
|a регионы
|
| 610 |
1 |
|
|a Евразийское экономическое сообщество
|
| 610 |
1 |
|
|a Шанхайская организация сотрудничества
|
| 686 |
|
|
|a Ф4(2)9(5)
|v LBC/SL-A
|2 rubbk
|
| 686 |
|
|
|a У9(2)8
|v LBC/SL-A
|2 rubbk
|
| 702 |
|
1 |
|a Зевин
|b Л. З.
|4 340
|
| 712 |
0 |
2 |
|a Российская академия наук
|b Институт экономики (ИЭ РАН)
|c (Москва)
|2 stltpush
|3 (RuTPU)RU\TPU\col\152
|
| 801 |
|
1 |
|a RU
|b 63413507
|c 20061219
|g PSBO
|
| 801 |
|
2 |
|a RU
|b 63413507
|c 20140318
|g PSBO
|
| 942 |
|
|
|c BK
|